[Event "V Open Dicembre"]
[Site "Arco ITA"]
[Date "2014.12.27"]
[Round "3"]
[White "Horn, Peter"]
[Black "Carola, Paolo"]
[WhiteElo "2141"]
[BlackElo "1879"]
[Result "1/2-1/2"]
[PlyCount "77"]
[EventDate "2014.12.26"]

1. c4 e6 2. g3 d5 3. Bg2 Nf6 4. Nf3 Be7 5. O-O O-O 6. b3 c5 7. Bb2 d4 8. b4 Nc6
9. bxc5 Bxc5 10. d3 Rb8 11. Nbd2 b6 12. Nb3 Bb7 13. Rb1 Ba8 14. Qd2 Qd6 15.
Nxc5 bxc5 16. e3 e5 17. exd4 Nxd4 18. Bxd4 exd4 19. Qa5 a6 20. Rfe1 Rfe8 21.
Rxe8+ Nxe8 22. Rxb8 Qxb8 23. Nd2 Bxg2 24. Kxg2 Qb7+ 25. Kg1 Qb2 26. Qxc5 Qxd2
27. Qe7 Qd1+ 28. Kg2 Qa4 29. Qd8 Kf8 30. Qxd4 Qxa2 31. Qc5+ Kg8 32. Qc6 Qe2 33.
d4 Qe6 34. Qa8 g6 35. d5 Qe4+ 36. Kg1 Qe1+ 37. Kg2 Qe4+ 38. Kg1 Qe1+ 39. Kg2
1/2-1/2

[Event "V Open Dicembre"]
[Site "Arco ITA"]
[Date "2014.12.27"]
[Round "3"]
[White "Migliorini, Matteo"]
[Black "Difronzo, Andrea"]
[WhiteElo "2068"]
[BlackElo "2170"]
[Result "1-0"]
[PlyCount "53"]
[EventDate "2014.12.26"]

1. e4 e6 2. Nf3 d5 3. Nc3 Nf6 4. e5 Nfd7 5. d4 c5 6. dxc5 Nc6 7. Bf4 Bxc5 8.
Bd3 h6 9. Qe2 g5 10. Bg3 a6 11. O-O-O Qa5 12. Kb1 Bb4 13. Nd2 Nd4 14. Qg4 Bxc3
15. bxc3 Qxc3 16. Nb3 Nxb3 17. axb3 Nc5 18. f4 Qb4 19. Qh5 Bd7 20. fxg5 Bb5 21.
Rhf1 Bxd3 22. Rxd3 Nxd3 23. Qxf7+ Kd8 24. Qxe6 Qd4 25. Qf6+ Ke8 26. Qxh8+ Ke7
27. Qg7+ 1-0

[Event "V Open Dicembre"]
[Site "Arco ITA"]
[Date "2014.12.27"]
[Round "3"]
[White "Panjkovic, Aleksandar"]
[Black "Orfini, Nicolo'"]
[WhiteElo "2133"]
[BlackElo "2024"]
[Result "1-0"]
[PlyCount "63"]
[EventDate "2014.12.26"]

1. c4 g6 2. g3 Bg7 3. Bg2 e5 4. e4 d6 5. Nc3 Be6 6. d3 c6 7. Nge2 Nf6 8. O-O
O-O 9. h3 Nfd7 10. Be3 f5 11. f4 exf4 12. Nxf4 Qe7 13. Qd2 a5 14. Rae1 fxe4 15.
Nxe6 Rxf1+ 16. Rxf1 Qxe6 17. Nxe4 Ne5 18. Ng5 Qe7 19. b3 Bf6 20. d4 Ned7 21.
Ne4 Bg7 22. Bg5 Qe6 23. Bf4 Nf6 24. Nxd6 Qd7 25. Be5 Ne8 26. Nf7 Qe7 27. Bxg7
Nxg7 28. Nh6+ Kh8 29. Rf7 Qe8 30. Rxb7 Nh5 31. d5 Nd7 32. Qc3+ 1-0

[Event "V Open Dicembre"]
[Site "Arco ITA"]
[Date "2014.12.27"]
[Round "3"]
[White "Raineri, Valerio"]
[Black "Lezzerini, Marco"]
[WhiteElo "2094"]
[BlackElo "2066"]
[Result "0-1"]
[PlyCount "142"]
[EventDate "2014.12.26"]

1. e4 d5 2. exd5 Nf6 3. Bb5+ Bd7 4. Be2 Nxd5 5. d4 Bf5 6. Nf3 e6 7. a3 Be7 8.
c4 Nb6 9. Nc3 O-O 10. Be3 Bf6 11. O-O Nc6 12. b4 Bg4 13. c5 Nd5 14. Ne4 Be7 15.
Qd2 f5 16. Nc3 Nxc3 17. Qxc3 f4 18. b5 fxe3 19. bxc6 exf2+ 20. Rxf2 bxc6 21.
Raf1 Bf6 22. Ne5 Bxe2 23. Rxe2 Bxe5 24. Rxf8+ Qxf8 25. Rxe5 Qf6 26. Qe3 Rb8 27.
h3 Rb1+ 28. Kh2 Kf7 29. Re4 Rf1 30. Qg3 Qe7 31. Rh4 Kg8 32. Rxh7 Kxh7 33. Qd3+
Rf5 34. g4 Qh4 35. gxf5 Qf2+ 36. Kh1 Qxf5 37. Qa6 Qxh3+ 38. Kg1 Qe3+ 39. Kh1
Qxd4 40. Qxa7 e5 41. Qxc7 Qxc5 42. a4 Qc1+ 43. Kh2 Qc2+ 44. Kh1 Qxa4 45. Qxe5
Qd1+ 46. Kh2 Qd5 47. Qe7 Kh6 48. Qe3+ Kg6 49. Qe8+ Kh7 50. Qe7 Qd2+ 51. Kh1
Qh6+ 52. Kg1 Qf6 53. Qd7 c5 54. Qh3+ Kg6 55. Qd3+ Qf5 56. Qd6+ Kh5 57. Qh2+ Kg5
58. Qd2+ Kg4 59. Qd6 Qe4 60. Qd7+ Kf3 61. Qf7+ Ke2 62. Qa2+ Kd1 63. Qa1+ Kd2
64. Qb2+ Kd3 65. Qb3+ Kd4 66. Qb2+ Kd5 67. Qb7+ Kd4 68. Qxg7+ Kd3 69. Kh2 c4
70. Qd7+ Kc3 71. Qa4 Qc2+ 0-1

[Event "V Open Dicembre"]
[Site "Arco ITA"]
[Date "2014.12.27"]
[Round "3"]
[White "Trauth, Michael"]
[Black "Siclari, Giovanni"]
[WhiteElo "2175"]
[BlackElo "2082"]
[Result "1/2-1/2"]
[PlyCount "114"]
[EventDate "2014.12.26"]

1. Nf3 Nf6 2. c4 b6 3. g3 c5 4. Bg2 Bb7 5. O-O g6 6. Nc3 Bg7 7. d4 cxd4 8. Qxd4
d6 9. b3 Nbd7 10. Bb2 O-O 11. Rfd1 Ne4 12. Qd3 Ndc5 13. Qc2 Nxc3 14. Bxc3 Be4
15. Qd2 Bxc3 16. Qxc3 Qc7 17. Qe3 Qb7 18. Rd4 f5 19. Bh3 Rad8 20. Rad1 Qc7 21.
Ng5 e5 22. Rxe4 Nxe4 23. Ne6 Qe7 24. Nxf8 Rxf8 25. Bg2 Nf6 26. Qd2 Rd8 27. Bd5+
Kg7 28. a4 e4 29. Qd4 Qe5 30. e3 Qxd4 31. Rxd4 a5 32. h3 Nd7 33. Rd2 Nc5 34.
Rb2 Nd3 35. Rb1 Kf6 36. Kf1 Ke5 37. Ke2 Nb4 38. Rd1 Rf8 39. f4+ exf3+ 40. Bxf3
g5 41. Rd4 h5 42. h4 g4 43. Bg2 Rf6 44. Rd2 Re6 45. Rd4 Kf6 46. Kd2 Na6 47. Rd3
Nc5 48. Rc3 Ke5 49. Ke2 Rf6 50. Rc1 Ke6 51. Rb1 Kd7 52. Bd5 Rf8 53. Rf1 Ke7 54.
Rb1 Kf6 55. Bc6 Rc8 56. Bd5 Ke5 57. Bg2 Rb8 1/2-1/2

[Event "V Open Dicembre"]
[Site "Arco ITA"]
[Date "2014.12.28"]
[Round "4"]
[White "Bardone, Lorenzo"]
[Black "Dobboletta, Alex"]
[WhiteElo "2140"]
[BlackElo "2122"]
[Result "1/2-1/2"]
[PlyCount "87"]
[EventDate "2014.12.26"]

1. e4 c5 2. Nf3 e6 3. d3 Nc6 4. c3 g6 5. d4 cxd4 6. cxd4 d5 7. e5 Bg7 8. Nc3 f6
9. exf6 Nxf6 10. Bb5 O-O 11. O-O Qd6 12. Re1 Ng4 13. Be3 Nxe3 14. Rxe3 Rxf3 15.
Rxf3 Nxd4 16. Rd3 Qc5 17. Ba4 b5 18. Bb3 Nxb3 19. Qxb3 Bd4 20. Rd2 Bd7 21. Rad1
Bxc3 22. Qxc3 Qxc3 23. bxc3 Rc8 24. Rd3 Kf7 25. Rb1 Ke7 26. Rh3 Rh8 27. Kf1 e5
28. Rf3 a6 29. Ke1 Rc8 30. Kd2 Bg4 31. Re3 Kd6 32. a4 Rf8 33. f3 Bd7 34. axb5
Bxb5 35. Rb4 Re8 36. Re1 Re7 37. h4 Kc6 38. Rg4 Kc5 39. h5 Re6 40. hxg6 hxg6
41. Rh1 a5 42. Rh6 Be8 43. Rh7 Kb6 44. Rh1 1/2-1/2

[Event "V Open Dicembre"]
[Site "Arco ITA"]
[Date "2014.12.28"]
[Round "4"]
[White "Carola, Paolo"]
[Black "Teutsch, Alexander"]
[WhiteElo "1879"]
[BlackElo "2158"]
[Result "0-1"]
[PlyCount "60"]
[EventDate "2014.12.26"]

1. e4 d5 2. exd5 Nf6 3. d4 Nxd5 4. c4 Nb6 5. Nf3 g6 6. Be2 Bg7 7. O-O O-O 8.
Nc3 Bg4 9. Be3 Bxf3 10. Bxf3 Nc6 11. Bxc6 bxc6 12. Qd3 e5 13. Rfd1 f5 14. d5
cxd5 15. cxd5 Nc8 16. Rac1 Nd6 17. Nb5 e4 18. Qe2 Rb8 19. Nxc7 Rxb2 20. Rc2 f4
21. Bd4 f3 22. gxf3 Qg5+ 23. Kf1 Rxc2 24. Qxc2 Bxd4 25. Rxd4 exf3 26. Rd3 Qg2+
27. Ke1 Qg1+ 28. Kd2 Qxf2+ 29. Kc1 Qxc2+ 30. Kxc2 f2 0-1

[Event "V Open Dicembre"]
[Site "Arco ITA"]
[Date "2014.12.28"]
[Round "4"]
[White "Difronzo, Andrea"]
[Black "Mortola, Alberto"]
[WhiteElo "2170"]
[BlackElo "1985"]
[Result "1/2-1/2"]
[PlyCount "84"]
[EventDate "2014.12.26"]

1. Nf3 Nf6 2. c4 c5 3. g3 g6 4. Nc3 Nc6 5. Bg2 Bg7 6. O-O O-O 7. d4 cxd4 8.
Nxd4 Nxd4 9. Qxd4 d6 10. Qd3 Bf5 11. e4 Bg4 12. Be3 Qd7 13. Rac1 Bh3 14. f3
Bxg2 15. Kxg2 b6 16. h3 Qb7 17. Bd4 Rac8 18. b3 Nd7 19. Nd5 Nc5 20. Qc3 Bxd4
21. Qxd4 Ne6 22. Qe3 Kg7 23. f4 f6 24. Kh2 Rf7 25. g4 Nc7 26. f5 g5 27. h4 Nxd5
28. exd5 h6 29. hxg5 hxg5 30. Kg2 Rh8 31. Rh1 Rff8 32. Rxh8 Rxh8 33. Re1 Kf8
34. a4 e5 35. fxe6 Qh7 36. e7+ Ke8 37. Qg3 Qc2+ 38. Kg1 Qd2 39. Re4 Qd1+ 40.
Re1 Qd4+ 41. Kg2 Qb2+ 42. Kg1 Qd4+ 1/2-1/2

[Event "V Open Dicembre"]
[Site "Arco ITA"]
[Date "2014.12.28"]
[Round "4"]
[White "Lezzerini, Marco"]
[Black "Trauth, Michael"]
[WhiteElo "2066"]
[BlackElo "2175"]
[Result "1-0"]
[PlyCount "101"]
[EventDate "2014.12.26"]

1. d4 Nf6 2. c4 c5 3. d5 b5 4. Qc2 bxc4 5. e4 d6 6. Bxc4 g6 7. h3 Bg7 8. Nf3
O-O 9. O-O Ba6 10. Na3 Nfd7 11. Rb1 Nb6 12. b3 Bxc4 13. Nxc4 Na6 14. Bb2 Rb8
15. Bxg7 Kxg7 16. Rfd1 Nxc4 17. bxc4 Qa5 18. e5 Qa3 19. exd6 exd6 20. Rd3 Rxb1+
21. Qxb1 Qa4 22. Qb3 Qxb3 23. Rxb3 Rb8 24. Ra3 Rb1+ 25. Kh2 Rb6 26. Kg3 Kf6 27.
Kf4 h6 28. h4 Nb4 29. Rxa7 Nd3+ 30. Ke3 Nb2 31. Nd2 Rb4 32. Ne4+ Kg7 33. Nxd6
Nxc4+ 34. Nxc4 Rxc4 35. d6 Rxh4 36. f4 Rh1 37. Ra3 c4 38. Rd3 Re1+ 39. Kd2 Re8
40. d7 Rd8 41. Rd4 Kf6 42. Kc3 Ke6 43. Kxc4 Rxd7 44. Rxd7 Kxd7 45. Kd5 f6 46.
a4 h5 47. a5 h4 48. a6 Kc7 49. Ke6 g5 50. fxg5 fxg5 51. Kf5 1-0

[Event "V Open Dicembre"]
[Site "Arco ITA"]
[Date "2014.12.28"]
[Round "4"]
[White "Locatelli, Andrea"]
[Black "Bertani, Gianfranco"]
[WhiteElo "2177"]
[BlackElo "2019"]
[Result "1-0"]
[PlyCount "111"]
[EventDate "2014.12.26"]

1. e4 c5 2. Nf3 d6 3. c3 Nc6 4. Bd3 a6 5. h3 g6 6. Bc2 Bg7 7. O-O e5 8. d3 Nge7
9. a3 d5 10. Qe2 dxe4 11. dxe4 O-O 12. Nbd2 Qc7 13. Nb3 Nd8 14. a4 b6 15. Be3
Ne6 16. Rfe1 Bb7 17. Qc4 a5 18. Nbd2 Ba6 19. Qb3 Rab8 20. Nc4 Nd4 21. cxd4 cxd4
22. Bd3 dxe3 23. Nxe3 Bxd3 24. Qxd3 Rfd8 25. Qb3 h6 26. h4 Qb7 27. Ng4 Nc6 28.
h5 Kh7 29. hxg6+ fxg6 30. Rad1 Qe7 31. Rxd8 Nxd8 32. Qd5 Nf7 33. Rc1 Rd8 34.
Qb5 h5 35. Ne3 Qb4 36. Qxb4 axb4 37. Rc7 Kg8 38. Nd5 Kf8 39. Nh4 Nh8 40. Rc6
Bh6 41. Nxg6+ Nxg6 42. Rxg6 Bd2 43. Rxb6 Rc8 44. Nxb4 Rc1+ 45. Kh2 Rc4 46. Nd5
Rxe4 47. b4 Rh4+ 48. Kg1 Rd4 49. Rb5 Kf7 50. a5 Ke6 51. a6 Be1 52. a7 Rd1 53.
a8=Q Bxb4+ 54. Kh2 Bd6 55. Qe8+ Kf5 56. Ne3+ 1-0

[Event "V Open Dicembre"]
[Site "Arco ITA"]
[Date "2014.12.28"]
[Round "4"]
[White "Migliorini, Matteo"]
[Black "Panjkovic, Aleksandar"]
[WhiteElo "2068"]
[BlackElo "2133"]
[Result "1-0"]
[PlyCount "53"]
[EventDate "2014.12.26"]

1. e4 d6 2. d4 g6 3. Nf3 Bg7 4. h3 Nf6 5. Nc3 O-O 6. Be3 a6 7. a4 b6 8. e5 Nfd7
9. e6 fxe6 10. h4 Nf6 11. Bd3 Nc6 12. h5 Nxh5 13. Rxh5 gxh5 14. Ng5 Qe8 15.
Bxh7+ Kh8 16. Qd3 Nb4 17. Qe4 d5 18. Qh4 Bf6 19. O-O-O Bxg5 20. Qxg5 Kxh7 21.
Rh1 Rf5 22. Qh6+ Kg8 23. Rh3 Kf7 24. Rg3 Qg8 25. Rxg8 Kxg8 26. Qg6+ Kh8 27. Bh6
1-0

[Event "V Open Dicembre"]
[Site "Arco ITA"]
[Date "2014.12.28"]
[Round "4"]
[White "Negro, Roberto"]
[Black "Buglisi, Massimo"]
[WhiteElo "2143"]
[BlackElo "1910"]
[Result "1-0"]
[PlyCount "85"]
[EventDate "2014.12.26"]

1. d4 Nf6 2. Nf3 g6 3. g3 Bg7 4. Bg2 O-O 5. O-O c5 6. d5 d6 7. Nc3 Na6 8. Nd2
Nc7 9. a4 b6 10. Nc4 Rb8 11. Re1 Ba6 12. Na3 b5 13. axb5 Nxb5 14. Naxb5 Bxb5
15. Rxa7 Bd7 16. Ra2 Ng4 17. Ne4 Qc7 18. h3 Ne5 19. b3 f5 20. Ng5 h6 21. Nf3
Kh7 22. Nxe5 Bxe5 23. f4 Bg7 24. e4 fxe4 25. Rxe4 Bf5 26. Rea4 Bd7 27. Ra7 Rb7
28. Rxb7 Qxb7 29. Qe2 Bb5 30. c4 Be8 31. Ra3 Bf6 32. Kh2 Bf7 33. Bb2 Ra8 34.
Rxa8 Qxa8 35. Bxf6 exf6 36. Qe7 Kg7 37. Qxd6 Qa2 38. Qxc5 Qxb3 39. Qc7 h5 40.
d6 h4 41. gxh4 g5 42. hxg5 Kg6 43. Qc6 1-0

[Event "V Open Dicembre"]
[Site "Arco ITA"]
[Date "2014.12.28"]
[Round "4"]
[White "Siclari, Giovanni"]
[Black "De Santis, Alessio"]
[WhiteElo "2082"]
[BlackElo "2288"]
[Result "1/2-1/2"]
[PlyCount "81"]
[EventDate "2014.12.26"]

1. Nf3 Nf6 2. c4 b6 3. g3 Bb7 4. Bg2 c5 5. O-O g6 6. Nc3 Bg7 7. d4 cxd4 8. Qxd4
Nc6 9. Qf4 Qb8 10. Qxb8+ Rxb8 11. Bf4 d6 12. Rac1 O-O 13. Rfd1 h6 14. Bd2 Rfc8
15. b3 Kf8 16. Bh3 Rd8 17. Nd5 Ne4 18. Be1 e6 19. Nc3 Nxc3 20. Bxc3 Bxc3 21.
Rxc3 Ke7 22. Bg2 Rd7 23. Nd4 Nxd4 24. Rxd4 Bxg2 25. Kxg2 h5 26. e4 Rc8 27. Rcd3
e5 28. Rd5 Rc5 29. Kf3 Rxd5 30. Rxd5 f5 31. h4 Ke6 32. Ke3 Rc7 33. exf5+ gxf5
34. a4 Rc5 35. Rd2 d5 36. cxd5+ Rxd5 37. Rxd5 Kxd5 38. Kd3 a5 39. Ke3 Kc5 40.
Kd3 Kd5 41. Ke3 1/2-1/2

[Event "V Open Dicembre"]
[Site "Arco ITA"]
[Date "2014.12.29"]
[Round "5"]
[White "De Santis, Alessio"]
[Black "Panjkovic, Aleksandar"]
[WhiteElo "2288"]
[BlackElo "2133"]
[Result "1/2-1/2"]
[PlyCount "84"]
[EventDate "2014.12.26"]

1. d4 d6 2. e4 g6 3. c4 Bg7 4. Nc3 c6 5. Be3 a6 6. a4 a5 7. Be2 Na6 8. h3 Nf6
9. Nf3 Qc7 10. O-O O-O 11. Qd2 e5 12. dxe5 dxe5 13. Rfd1 Nd7 14. Qd6 Qxd6 15.
Rxd6 Ndc5 16. Rad1 h6 17. Ne1 Be6 18. Nd3 Nb3 19. Bb6 Bxc4 20. Nc1 Bxe2 21.
N3xe2 Nbc5 22. Nc3 Ne6 23. Nb3 Rfb8 24. Nxa5 Bf8 25. R6d2 Nac5 26. Nc4 Nxa4 27.
Nxa4 Rxa4 28. Nxe5 Bg7 29. Nd7 Rba8 30. e5 Rb4 31. Be3 Ra2 32. Rb1 g5 33. g3
Kh7 34. Nc5 Bxe5 35. Nd3 Rb5 36. Nxe5 Rxe5 37. Rd7 Rb5 38. Rxf7+ Kg6 39. Re7
Kf6 40. Rh7 Kg6 41. Re7 Kf6 42. Rh7 Kg6 1/2-1/2

[Event "V Open Dicembre"]
[Site "Arco ITA"]
[Date "2014.12.29"]
[Round "5"]
[White "Dobboletta, Alex"]
[Black "Lezzerini, Marco"]
[WhiteElo "2122"]
[BlackElo "2066"]
[Result "1/2-1/2"]
[PlyCount "95"]
[EventDate "2014.12.26"]

1. e4 d5 2. exd5 Nf6 3. d4 Nxd5 4. c4 Nb6 5. Nf3 g6 6. Nc3 Bg7 7. c5 Nd5 8. Bc4
Nxc3 9. bxc3 O-O 10. O-O Nc6 11. Re1 h6 12. Bf4 e6 13. Qc1 Kh7 14. Qa3 Bd7 15.
Rad1 Qc8 16. Be2 Re8 17. Bg3 b6 18. Ba6 Qb8 19. c4 Bf8 20. Ne5 Nxe5 21. Bxe5
Bg7 22. Qf3 f6 23. Bf4 Bc8 24. Bb5 Bb7 25. Bc6 Bxc6 26. Qxc6 e5 27. dxe5 fxe5
28. Bg3 Re7 29. f4 Qe8 30. Qxe8 Raxe8 31. fxe5 Bxe5 32. Bxe5 Rxe5 33. Rd7+ Kg8
34. Rxe5 Rxe5 35. Rxc7 Rxc5 36. Rxc5 bxc5 37. Kf2 Kf7 38. Ke3 Ke7 39. Ke4 Ke6
40. g4 Kd6 41. h3 Ke6 42. Kf4 Kd6 43. h4 Ke6 44. h5 gxh5 45. gxh5 Kf6 46. Ke4
Ke6 47. a3 a6 48. a4 1/2-1/2

[Event "V Open Dicembre"]
[Site "Arco ITA"]
[Date "2014.12.29"]
[Round "5"]
[White "Gehrke, Rolf"]
[Black "Negro, Roberto"]
[WhiteElo "2032"]
[BlackElo "2143"]
[Result "0-1"]
[PlyCount "50"]
[EventDate "2014.12.26"]

1. Nf3 d5 2. g3 Nf6 3. Bg2 e6 4. O-O Be7 5. d4 O-O 6. c4 c6 7. Nbd2 b6 8. Ne5
Nfd7 9. f4 Nxe5 10. fxe5 Ba6 11. cxd5 cxd5 12. Nf3 Nc6 13. Rf2 Rc8 14. Bd2 b5
15. a3 Qb6 16. e3 b4 17. axb4 Bxb4 18. Bxb4 Nxb4 19. Qa4 Rc7 20. Ne1 Bd3 21.
Bf1 Bg6 22. Qd1 Rfc8 23. Qd2 h6 24. Bd3 Nxd3 25. Nxd3 Rc2 0-1

[Event "V Open Dicembre"]
[Site "Arco ITA"]
[Date "2014.12.29"]
[Round "5"]
[White "Pojer, Romeo"]
[Black "Locatelli, Andrea"]
[WhiteElo "2084"]
[BlackElo "2177"]
[Result "1-0"]
[PlyCount "129"]
[EventDate "2014.12.26"]

1. d4 Nf6 2. c4 g6 3. Nc3 Bg7 4. e4 d6 5. Nf3 O-O 6. Bd3 c5 7. dxc5 dxc5 8. O-O
Nc6 9. Bg5 h6 10. Be3 Nd4 11. Ne5 Nh5 12. f4 Ne6 13. g3 Nd4 14. Rf2 Nf6 15. Bf1
Nd7 16. Nd3 b6 17. Bg2 Bb7 18. Rc1 e6 19. Rd2 Qc8 20. Nf2 Rd8 21. Nb5 Nb8 22.
Nxd4 cxd4 23. Bxd4 Bxd4 24. Rxd4 Rxd4 25. Qxd4 Nc6 26. Qc3 e5 27. fxe5 Qe6 28.
Nd3 Re8 29. Nf4 Qxe5 30. Qxe5 Rxe5 31. Rd1 Na5 32. b3 Bxe4 33. Re1 f5 34. Nxg6
Re8 35. Nh4 Kf7 36. Kf2 Nc6 37. Nxf5 Bxf5 38. Rxe8 Kxe8 39. Bxc6+ Ke7 40. Ke3
Bb1 41. a3 Ba2 42. Ba4 a6 43. Kd4 b5 44. cxb5 axb5 45. Bxb5 Bxb3 46. Ke5 Kf7
47. a4 Bd1 48. a5 Bf3 49. a6 Ke7 50. h4 Kd8 51. Kf6 Kc7 52. Kg6 h5 53. Kg5 Kd8
54. Kf4 Ba8 55. Be2 Ke7 56. Bf3 Kf6 57. Bxa8 Kg6 58. Be4+ Kh6 59. a7 Kg7 60.
a8=Q Kf6 61. Qf8+ Ke6 62. Qh6+ Ke7 63. Ke5 Kd7 64. Qd6+ Kc8 65. Qe7 1-0

[Event "V Open Dicembre"]
[Site "Arco ITA"]
[Date "2014.12.29"]
[Round "5"]
[White "Simoni, Giulio"]
[Black "Difronzo, Andrea"]
[WhiteElo "1869"]
[BlackElo "2170"]
[Result "1/2-1/2"]
[PlyCount "122"]
[EventDate "2014.12.26"]

1. e4 c5 2. Nf3 Nc6 3. d4 cxd4 4. Nxd4 g6 5. Nc3 Bg7 6. Be3 Nf6 7. Be2 O-O 8.
O-O d5 9. exd5 Nxd5 10. Nxd5 Qxd5 11. Nxc6 Qxc6 12. c3 Be6 13. Bf3 Qb5 14. Qc2
Rfd8 15. Rfd1 Rxd1+ 16. Bxd1 Bd5 17. Be2 Qc6 18. f3 Qe6 19. Bf2 Rc8 20. a3 a6
21. Qd2 h5 22. Re1 Qc6 23. Bd3 e5 24. Be4 Bxe4 25. Rxe4 f5 26. Re1 Kh7 27. Be3
Bf6 28. Rd1 Rd8 29. Qc2 Rxd1+ 30. Qxd1 b5 31. Qd2 Kg7 32. Bg5 Qc5+ 33. Kf1 Bxg5
34. Qxg5 Qd6 35. Ke2 f4 36. Qh4 a5 37. Qf2 a4 38. Qa7+ Kh6 39. h3 Qd5 40. Qb8
Kg5 41. Qb6 e4 42. fxe4 Qxe4+ 43. Kf2 Qd5 44. Ke1 Qe4+ 45. Kf2 Qd5 46. Kg1 Kf5
47. Qf2 Qe5 48. Qf1 Qd5 49. Qe2 Qe5 50. Qf1 Kg5 51. Kh1 Qd5 52. Kg1 Qc5+ 53.
Kh1 Qb6 54. Qd3 Kh6 55. Qe2 Qc5 56. Qd3 Qe5 57. Qf1 Kg5 58. Qd3 Qe1+ 59. Kh2
Qe5 60. Kh1 Qf5 61. Qd8+ Kh6 1/2-1/2

[Event "V Open Dicembre"]
[Site "Arco ITA"]
[Date "2014.12.29"]
[Round "5"]
[White "Teutsch, Alexander"]
[Black "Siclari, Giovanni"]
[WhiteElo "2158"]
[BlackElo "2082"]
[Result "1-0"]
[PlyCount "149"]
[EventDate "2014.12.26"]

1. d4 Nf6 2. Bg5 d5 3. Bxf6 gxf6 4. e3 Bg7 5. c4 dxc4 6. Bxc4 O-O 7. Nc3 c5 8.
dxc5 Nd7 9. Qc2 Nxc5 10. Nge2 e6 11. Nd4 a6 12. Rd1 Qc7 13. a3 b5 14. Ba2 Bb7
15. O-O f5 16. Qe2 Qe7 17. Bb1 Rad8 18. Qh5 Qf6 19. f4 Qg6 20. Qe2 h5 21. Nf3
Bf6 22. Qf2 Kh8 23. h3 Rg8 24. Rxd8 Bxd8 25. Rd1 Bb6 26. Rd2 Qg3 27. Qxg3 Rxg3
28. Kh2 h4 29. Ne5 Nb3 30. Re2 Bxe3 31. Nxf7+ Kg7 32. Nd8 Bc8 33. Kh1 Nd4 34.
Re1 Kf6 35. Rd1 Ke7 36. Rxd4 Bxd4 37. Nc6+ Kd6 38. Nxd4 Bb7 39. Bxf5 Bxg2+ 40.
Kh2 Bb7 41. Ne4+ Bxe4 42. Bxe4 Re3 43. Bg2 Kc5 44. Nf3 Re2 45. Nxh4 Rxb2 46. f5
exf5 47. Nxf5 Rb3 48. h4 Rxa3 49. Be4 Ra4 50. Bd3 Ra3 51. Be4 Ra4 52. Bd3 Rg4
53. h5 Rg8 54. h6 Rd8 55. h7 a5 56. Nh6 a4 57. Ng8 Rxd3 58. h8=Q a3 59. Qe5+
Kc4 60. Qe4+ Kc3 61. Qe5+ Kb4 62. Qe1+ Kb3 63. Qb1+ Kc4 64. Qc2+ Rc3 65. Qe4+
Kb3 66. Qd5+ Ka4 67. Qa8+ Kb3 68. Qd5+ Ka4 69. Qd1+ Kb4 70. Nf6 Rc4 71. Nd5+
Kc5 72. Ne3 Ra4 73. Qd5+ Kb6 74. Qd6+ Kb7 75. Nd5 1-0

[Event "V Open Dicembre"]
[Site "Arco ITA"]
[Date "2014.12.29"]
[Round "5"]
[White "Trauth, Michael"]
[Black "Orfini, Nicolo'"]
[WhiteElo "2175"]
[BlackElo "2024"]
[Result "1-0"]
[PlyCount "65"]
[EventDate "2014.12.26"]

1. Nf3 g6 2. c4 Bg7 3. g3 e5 4. Nc3 Nc6 5. Bg2 d6 6. d3 h6 7. Bd2 Nge7 8. Qc1
Be6 9. Rb1 Qd7 10. h4 f5 11. b4 e4 12. b5 Nd8 13. dxe4 Bxc4 14. O-O Nf7 15. Nd5
Bxd5 16. exd5 O-O 17. Ne1 Kh7 18. Nd3 Bf6 19. Nf4 Rac8 20. Qc2 Rg8 21. Rfc1 Ne5
22. e4 c6 23. exf5 gxf5 24. dxc6 bxc6 25. bxc6 N7xc6 26. Rb7 Qxb7 27. Qxf5+ Ng6
28. h5 Nce7 29. hxg6+ Rxg6 30. Qxg6+ Nxg6 31. Bxb7 Rxc1+ 32. Bxc1 Ne5 33. Be4+
1-0

[Event "V Open Dicembre"]
[Site "Arco ITA"]
[Date "2014.12.29"]
[Round "6"]
[White "De Santis, Alessio"]
[Black "Pojer, Romeo"]
[WhiteElo "2288"]
[BlackElo "2084"]
[Result "1-0"]
[PlyCount "51"]
[EventDate "2014.12.26"]

1. d4 d5 2. c4 c6 3. Nc3 Nf6 4. e3 e6 5. Nf3 Nbd7 6. Bd3 Be7 7. e4 dxc4 8. Bxc4
b5 9. Bd3 Bb7 10. e5 Ng4 11. h3 Nh6 12. O-O Qc7 13. Re1 a6 14. Bg5 Nb6 15. Ne4
Bxg5 16. Nd6+ Ke7 17. Nxg5 Rad8 18. Qh5 Rxd6 19. exd6+ Qxd6 20. Ne4 Qxd4 21.
Qg5+ Kd7 22. Bxb5 Nd5 23. Rad1 Qb6 24. Qxg7 Rd8 25. Bc4 Nf5 26. Qxf7+ 1-0

[Event "V Open Dicembre"]
[Site "Arco ITA"]
[Date "2014.12.29"]
[Round "6"]
[White "Difronzo, Andrea"]
[Black "Bertani, Gianfranco"]
[WhiteElo "2170"]
[BlackElo "2019"]
[Result "0-1"]
[PlyCount "126"]
[EventDate "2014.12.26"]

1. Nf3 d5 2. d4 e6 3. c4 c6 4. g3 Bd6 5. Bg2 f5 6. O-O Nf6 7. b3 Qe7 8. Bb2 O-O
9. Nbd2 b6 10. Ne5 Bb7 11. Qc2 Na6 12. Rac1 c5 13. Qb1 Ne4 14. Nxe4 dxe4 15. f3
cxd4 16. Bxd4 Bxe5 17. e3 Bxd4 18. exd4 exf3 19. Bxf3 Bxf3 20. Rxf3 Rad8 21.
Rd1 Rxd4 22. Rxd4 Qc5 23. Rff4 e5 24. Rxf5 Qxd4+ 25. Kg2 e4 26. Qf1 Rf6 27. Qf4
Rxf5 28. Qxf5 Qd8 29. Qe6+ Kh8 30. Qxe4 Nc5 31. Qc6 Qd2+ 32. Kf3 Qd3+ 33. Kf2
Ne4+ 34. Kg1 Qe3+ 35. Kg2 Qe2+ 36. Kh3 Nf2+ 37. Kg2 Qe4+ 38. Qxe4 Nxe4 39. Kf3
Nf6 40. Kf4 Kg8 41. Ke5 Ng4+ 42. Kd6 Nxh2 43. b4 Kf8 44. Kc7 Nf3 45. Kb7 Ne5
46. c5 bxc5 47. bxc5 h5 48. Kxa7 g5 49. Kb6 h4 50. gxh4 gxh4 51. a4 h3 52. a5
h2 53. c6 h1=Q 54. a6 Qxc6+ 55. Ka7 Nc4 56. Kb8 Qb6+ 57. Kc8 Qxa6+ 58. Kc7 Ke7
59. Kb8 Qb6+ 60. Ka8 Qb1 61. Ka7 Nd6 62. Ka6 Qb5+ 63. Ka7 Qb7# 0-1

[Event "V Open Dicembre"]
[Site "Arco ITA"]
[Date "2014.12.29"]
[Round "6"]
[White "Lezzerini, Marco"]
[Black "Bardone, Lorenzo"]
[WhiteElo "2066"]
[BlackElo "2140"]
[Result "0-1"]
[PlyCount "52"]
[EventDate "2014.12.26"]

1. d4 Nf6 2. c4 g6 3. Nc3 d5 4. cxd5 Nxd5 5. e4 Nxc3 6. bxc3 Bg7 7. Bc4 c5 8.
Be3 Nc6 9. Ne2 O-O 10. Rc1 Na5 11. Bd3 e5 12. d5 b6 13. O-O f5 14. f4 fxe4 15.
Bxe4 Nc4 16. Bd2 Nd6 17. Bb1 Ba6 18. fxe5 Bxe5 19. Rxf8+ Qxf8 20. g3 Qf7 21.
Nf4 Bc4 22. Be3 Nf5 23. Bxf5 Qxf5 24. Qa4 Qe4 25. Bd2 Bd4+ 26. cxd4 Qxd4+ 0-1

[Event "V Open Dicembre"]
[Site "Arco ITA"]
[Date "2014.12.29"]
[Round "6"]
[White "Locatelli, Andrea"]
[Black "Simoni, Giulio"]
[WhiteElo "2177"]
[BlackElo "1869"]
[Result "1-0"]
[PlyCount "61"]
[EventDate "2014.12.26"]

1. e4 c5 2. Nf3 d6 3. c3 Nf6 4. Bd3 Nc6 5. Bc2 Bd7 6. O-O g6 7. h3 Bg7 8. d4
cxd4 9. cxd4 O-O 10. Nc3 Rc8 11. d5 Na5 12. Bd3 a6 13. Be3 b5 14. Bd4 Ne8 15.
Bxg7 Nxg7 16. Qd2 Qb6 17. Qh6 f6 18. Rac1 Rc7 19. Ne2 Rfc8 20. Rxc7 Rxc7 21.
Rc1 Rxc1+ 22. Qxc1 Nb7 23. b4 Nd8 24. Qc3 Ne8 25. Nfd4 Nc7 26. h4 Nf7 27. h5
Kg7 28. hxg6 hxg6 29. Nf4 Ne8 30. Nde6+ Kh6 31. Bxb5 1-0

[Event "V Open Dicembre"]
[Site "Arco ITA"]
[Date "2014.12.29"]
[Round "6"]
[White "Markocic, Tine"]
[Black "Zenari, Marco"]
[WhiteElo "2033"]
[BlackElo "1677"]
[Result "1-0"]
[PlyCount "91"]
[EventDate "2014.12.26"]

1. e4 c5 2. Nc3 d6 3. f4 Nf6 4. Nf3 Nc6 5. Bb5 a6 6. Bxc6+ bxc6 7. d3 d5 8. e5
Nd7 9. O-O e6 10. Ne2 Be7 11. c4 O-O 12. Qe1 Bb7 13. Be3 Qc7 14. Kh1 f6 15. Qg3
Rab8 16. b3 Kh8 17. Rae1 f5 18. Ng5 Bxg5 19. Qxg5 Rf7 20. Bd2 Ba8 21. Rd1 d4
22. Nc1 a5 23. a4 Bb7 24. Rf3 Ra8 25. Rh3 Nb8 26. Qg6 h6 27. Qxe6 Kh7 28. Rg3
Bc8 29. Qg6+ Kh8 30. e6 Re7 31. Qxf5 Bxe6 32. Qxc5 Rd7 33. Re1 Bg8 34. Qf8 Rf7
35. Qc5 Rd7 36. f5 Qd6 37. Qxd6 Rxd6 38. Re8 Rf6 39. Rf3 c5 40. Bf4 Rb6 41. f6
Kh7 42. Rxb8 Raxb8 43. Bxb8 Rxb8 44. f7 Bxf7 45. Rxf7 Re8 46. Kg1 1-0